| 000 | 00718cam a22002531 4500 | ||
|---|---|---|---|
| 001 | ne 65000386 | ||
| 003 | DLC | ||
| 005 | 20260227111811.0 | ||
| 008 | 850406s1964 le 000 0 arax | ||
| 010 | _ane 65000386 | ||
| 035 | _a(OCoLC)13886132 | ||
| 040 |
_aDLC _cNN _dDLC |
||
| 042 | _apremarc | ||
| 043 | _ama----- | ||
| 050 | 0 | 0 |
_aHX434 _b.M8 |
| 100 | 1 | _aMurquṣ, Ilyās. | |
| 245 | 1 | 0 |
_aTārīkh al-aḥzāb al-shuyūʻīyah fī al-waṭan al-ʻArabī. _cTaʼlīf Ilyās Murqus. |
| 250 | _aal-Ṭabʻah 1. | ||
| 260 |
_aBayrūt, _bManshūrāt Dār al-Ṭalīʻah, _c1964. |
||
| 300 |
_a312 p. _c20 cm. |
||
| 500 | _aIn Arabic. | ||
| 650 | 0 |
_aCommunism _zArab countries. |
|
| 650 | 0 | _aCommunist parties. | |
| 999 |
_c47938 _d47938 |
||